[Event "Titled Tuesday intern op 04th Feb Early"]
[Site "Chess.com INT"]
[Date "2025.02.04"]
[Round "11"]
[White "Adu, Oladapo"]
[Black "Avila Pavas, Santiago"]
[Result "0-1"]
[WhiteElo "2076"]
[BlackElo "2511"]
[PlyCount "48"]
[EventDate "2025.02.04"]
[EventType "swiss (blitz)"]
[EventRounds "11"]
[EventCountry "USA"]
[SourceTitle "CB07_2025"]
[SourceDate "2025.02.12"]
[SourceVersion "1"]
[SourceVersionDate "2025.02.12"]
[SourceQuality "1"]

1. e4 Nf6 2. e5 Nd5 3. c4 Nb6 4. d4 d6 5. f4 Bf5 6. Nc3 dxe5 7. fxe5 e6 8. Be3 Bb4 9. Rc1 c5 10. Nf3 Nc6 11. a3 cxd4 12. Nxd4 Qh4+ 13. g3 Qe4 14. Kf2 Bxc3 15. Bg2 Qxe3+ 16. Kxe3 Bxd4+ 17. Ke2 0-0-0 18. Bxc6 bxc6 19. Kf3 Bxb2 20. Qe1 Rd3+ 21. Kf4 h6 22. h4 Rg8 23. h5 g5+ 24. hxg6 fxg6 0-1